Statystyki dla 2- Dom i miasto: część 3/4

Kliknij tutaj aby rozwiązać quiz!

Ogólne statystyki

  • Ten quiz został rozwiązany 23 razy
    (22 od ostatniego zresetowania)
  • Średni wynik to 18 z 45

Statystyki odpowiedzi

HintOdpowiedź% Poprawnych
szpitalhospital
100%
Win
100%
muzeummuseum
100%
NAon
100%
parkpark
100%
kinocinema
95%
Bankbank
90%
bibliotekalibrary
90%
podunder
90%
zabehind
86%
Lotniskoairport
67%
międzybetween
67%
stacja kolejowatrain station
67%
Pocztapost office
57%
przystanek autobusowybus stop
52%
oboknext to
43%
miejsca w mieścieplaces in town
43%
powyżejabove
38%
nad morzemby the sea
33%
nad jezioremby the lake
29%
nad rzekąby the river
29%
Centrum handloweshopping centre
29%
Lokalizacjalocation
24%
naprzeciwkoopposite
24%
Centrum sportowesports centre
24%
remiza strażackafire station
19%
na pierwszym piętrzeon the first floor
19%
odkurzać dywanvacuum the carpet
19%
na przedmieściachin the suburbs
14%
prasować ubraniairon the clothes
14%
placsquare
14%
podlej roślinywater the plants
14%
w mieszkaniuin a flat
10%
w mieściein a town
10%
posłaćmake the bed
10%
wynieść śmiecitake the rubbish out
10%
zrobić praniedo the washing up
5%
prace domowehousehold chores
5%
w cichej okolicyin a quiet neighbourhood
5%
na wsiin the countryside
5%
nakrywać do stołulay the table
5%
na wybrzeżuon the coast
5%
na obrzeżachon the outskirts
5%
odkurzyć mebledust the furniture
0%
przy ruchliwej ulicyin a busy street
0%

Rozkład punktacji

Percentyl według liczby udzielonych odpowiedzi

Procent ludzi z każdym wynikiem

Twoja historia wyników

Nie rozwiązałeś tego quizu od ostatniego zresetowania